La fé en España ó un episodio nacional / (Record no. 24458)

MARC details
000 -LEADER
campo de control de longitud fija 00391nam a2200133 i 4500
001 - NÚMERO DE CONTROL
campo de control 24458
003 - IDENTIFICADOR DE NÚMERO DE CONTROL
campo de control ES-MaACL
007 - CAMPO FIJO DE DESCRIPCIÓN FÍSICA--INFORMACIÓN GENERAL
campo de control de longitud fija t|
008 - DATOS DE LONGITUD FIJA--INFORMACIÓN GENERAL
campo de control de longitud fija 021217s1902 sp ||||1| spa d
100 1# - ENTRADA PRINCIPAL--NOMBRE DE PERSONA
Nombre de persona Andrés Tomé, Calixto de.
9 (RLIN) 21621
245 13 - MENCIÓN DEL TÍTULO
Título La fé en España ó un episodio nacional /
Mención de responsabilidad, etc. Calixto Andrés Tomé.
260 ## - PUBLICACIÓN, DISTRIBUCIÓN, ETC.
Lugar de publicación, distribución, etc. Madrid :
Nombre del editor, distribuidor, etc. S. Francisco de Sales,
Fecha de publicación, distribución, etc. 1902.
852 ## - LOCALIZACIÓN
Ubicación ES-MaACL
Número de control de estantería T-999-F-3
Holdings
Estatus retirado Estado de pérdida Estado de daño No para préstamo Colección Biblioteca de origen Biblioteca actual Ubicación en estantería Fecha de adquisición Fuente de adquisición Total de préstamos Signatura topográfica completa Código de barras Visto por última vez Precio de reemplazo Tipo de ítem Koha
        Colección de folletos Biblioteca del Ateneo de Madrid Biblioteca del Ateneo de Madrid Depósito folletos 17/01/2008     T-999-F-3 1025218 23/02/2023 23/02/2023 Folleto